000
00253nam a22001097a 4500
041
_a
ENG
245
_a
Hand Book Of Hydrology
260
_a
New Delhi
_b
Government Of india ministry
_c
1972
300
_a
189
650
_a
SWCE ( 06 )
856
_u
SWCE ( 06 )
999
_c
2932
_d
2932